000
00249 a2200097 4500
001
32845
100
_a
Nasir,Muhammad
245
_a
Mathematics for Engineers and Scientists (Vol-I)
260
_a
Lahore
_b
Allied Book Centre
_c
090
_c
22014
_d
22014
942
_a
NUST-CAE
_c
M
_c
13353
999
_c
267918
_d
267918